Nitrogen Cycle: Ecology, Biotechnological Applications and Environmental Impacts/ (Record no. 51219)
[ view plain ]
| 000 -LEADER | |
|---|---|
| fixed length control field | 00576nam a22001697a 4500 |
| 003 - CONTROL NUMBER IDENTIFIER | |
| control field | OSt |
| 008 - FIXED-LENGTH DATA ELEMENTS--GENERAL INFORMATION | |
| fixed length control field | 260602b |||||||| |||| 00| 0 eng d |
| 020 ## - INTERNATIONAL STANDARD BOOK NUMBER | |
| International Standard Book Number | 9780367260378 |
| 082 ## - DEWEY DECIMAL CLASSIFICATION NUMBER | |
| Classification number | 577.145 |
| Item number | L86N |
| 245 ## - TITLE STATEMENT | |
| Title | Nitrogen Cycle: Ecology, Biotechnological Applications and Environmental Impacts/ |
| Remainder of title | edited by Jesus Gonzalez-Lopez and Alejandeo Gonalez Martinez |
| 260 ## - PUBLICATION, DISTRIBUTION, ETC. (IMPRINT) | |
| Place of publication, distribution, etc | Boca Raton: |
| Name of publisher, distributor, etc | CRC Press; |
| Date of publication, distribution, etc | 2021 |
| 300 ## - PHYSICAL DESCRIPTION | |
| Extent | vi, 286 p. |
| 650 ## - SUBJECT ADDED ENTRY--TOPICAL TERM | |
| Topical term or geographic name as entry element | Pure Science I Biology I Nitrogen |
| 700 ## - ADDED ENTRY--PERSONAL NAME | |
| Personal name | Lopez , Jesus Gonzalez |
| 700 ## - ADDED ENTRY--PERSONAL NAME | |
| Personal name | Martinez, Alejandeo Gonalez |
| 942 ## - ADDED ENTRY ELEMENTS (KOHA) | |
| Source of classification or shelving scheme | |
| Koha item type | Books |
| Withdrawn status | Lost status | Source of classification or shelving scheme | Damaged status | Not for loan | Home library | Current library | Date acquired | Source of acquisition | Cost, normal purchase price | Total Checkouts | Full call number | Barcode | Date last seen | Bill Date | Koha item type | Bill Number |
|---|---|---|---|---|---|---|---|---|---|---|---|---|---|---|---|---|
| Dr. Rajendra Prasad Central Agricultural University Pusa, | Dr. Rajendra Prasad Central Agricultural University Pusa, | 02/06/2026 | Delight Book Agency | 23419.00 | 577.145 L86N | 87266 | 02/06/2026 | 29/01/2026 | Books | Bill No. DBS/0262025-2026 |